00297nam a22001337a 4500003000400000005001700004007001000021008004100031040000600072082001800078245004400096250000600140260001700146OSt20260316112843.0666 pages260316b |||||||| |||| 00| 0 eng d c  22a621.3bPAT aBasic Electrical EngineeringcPatil,B.R a2 bOxfordc2019